| 000 | 00637nam a2200241Ia 4500 | ||
|---|---|---|---|
| 003 | OSt | ||
| 005 | 20220928112543.0 | ||
| 006 | a|||||r|||| 00| 0 | ||
| 007 | ta | ||
| 008 | 220927b |||||||| |||| 00| 0 eng d | ||
| 024 | _a29059 | ||
| 037 | _cTextual | ||
| 040 |
_aSDCL _cSDCL _beng |
||
| 041 |
_2eng _aeng |
||
| 082 | _aX:93:(Z2'N36), N8 | ||
| 100 |
_aMalik P L _9428727 |
||
| 245 | 0 | _aCommentaries on the payment of wages act, 1936 | |
| 250 | _a5 | ||
| 260 |
_aLucknow _bEastern Book _c1998 |
||
| 300 |
_aliii,856p _ccm. |
||
| 942 |
_hX:93:(Z2'N36), N8 _cTEXL _2CC |
||
| 999 |
_c745255 _d745255 |
||